Color Crisis at Marvel Quiz Stats

 Plays Quiz Updated Oct 31, 2018

Score 0/20 Timer 05:00
45 Plays Today
Question Answer Wrong Answers
Spider-Man Red
97%
Yellow
0.1%
Teal
0.2%
Green
0.2%
Iron Man Red
96.1%
Blue
0.4%
Purple
0.3%
Green
0.6%
Thor Red
94.9%
Pink
0.4%
Orange
1.3%
Blue
1%
Captain America Blue
92.4%
Black
4%
Red
0.7%
Green
0.3%
Red Skull Red Skull
90.7%
Blue Skull
2.1%
Pink Skull
1.3%
Green Skull
3.3%
Black Widow Red
90%
Yellow
1.3%
Purple
3.7%
Greyish
2.4%
Loki Salmon
89.5%
Yellow
6.1%
Pink
0.7%
Blue
1.2%
Nebula Blue
87.1%
Red
4%
Purple
3.3%
Green
3%
Groot Brown
84.5%
Reddish
8.9%
Purple
0.5%
Green
3.6%
Vision Red
82.9%
Pink
6.9%
Green
1.5%
Blue
6.2%
Star-Lord Red
82.9%
Orange
7.4%
Green
4.4%
Blue
2.8%
Yellowjacket Yellow-jacket
74.9%
Purple-jacket
0.9%
Red-jacket
18.1%
Green-jacket
3.5%
Mantis Salmon
73%
Blue
5.2%
Green
15.9%
Pink
3.4%
Ronan the Accuser Light Blue
72.6%
Dark Blue
17.4%
Yellow
3.5%
Orange
4%
Falcon Red
68.8%
Yellow
4.9%
Blue
2.1%
Grey
21.6%
Yondu Light Blue
67.6%
Dark Blue
20.7%
Red
5.5%
Green
3.7%
Winter Soldier Red
67.1%
Yellow
3%
Blue
12.6%
Black
14.7%
Thanos Purple
64.4%
Pink
20.7%
Blue
5.8%
Green
6.8%
Hulk Green
54.3%
Bright Green
43.2%
Purple
0.2%
Teal
0.1%
Killmonger Gold
44.2%
Red
1.7%
Green
2.3%
Black
49.3%

You're not logged in!

Compare scores with friends on all Sporcle quizzes.
OR
Log In

Sporcle TV

Today on Sporcle TV


Watch our educational content, quiz creation guides, and fun videos on Sporcle TV.

Show Comments

Extras

Top Quizzes Today


Score Distribution

Your Account Isn't Verified!

In order to create a playlist on Sporcle, you need to verify the email address you used during registration. Go to your Sporcle Settings to finish the process.

Report this User

Report this user for behavior that violates our Community Guidelines.

Details: